00506nam a2200181Ia 450000500170000000800410001702000150005808200130007310000180008624500240010426000350012830000170016365000150018065000150019594200060021095200950021699900130031120240708041004.0240331s9999 xx 000 0 und d a0140226281 a155bEIC aEichenbaum, L 0aUnderstanding women aEnglandb A Pelican Bookc1985 axi, 212 p ., aPsychology aPsychiatry cL 001040708LaWERCLbWERCLcSSCd2024-03-31l0o 155 EICp1020r2024-03-31w2024-03-31yL c749d749